| 000 | 00913nam a2200265Ia 4500 | ||
|---|---|---|---|
| 003 | OSt | ||
| 005 | 20220918170749.0 | ||
| 006 | a|||||r|||| 00| 0 | ||
| 007 | ta | ||
| 008 | 220917b |||||||| |||| 00| 0 eng d | ||
| 020 |
_a9780470474419 (pbk) _c3465.92 |
||
| 024 | _a280,018 | ||
| 037 |
_b40254, 20/02/2014, Segment Book Distributors _cTextual |
||
| 040 |
_aARTS _cARTS _beng |
||
| 041 |
_2eng _aeng |
||
| 082 | _aSN1:4-86, Q1 | ||
| 100 |
_aHerbert James D Ed. _931009 |
||
| 245 | 0 |
_aAcceptance and mindfulness in cognitive behavior theraphy _b Understanding and applying the new therapies |
|
| 260 |
_aNew Jersey _bJohn Wiley USA _c2011 |
||
| 300 |
_ax,358p. _ccm. |
||
| 650 | _aPSYCHOLOGY | ||
| 700 |
_a Forman Evan M Ed. _931010 |
||
| 942 |
_hSN1:4-86, Q1 _cTEXL _2CC |
||
| 999 |
_c135616 _d135616 |
||